| 000 | 00988nam a2200217 i 4500 | ||
|---|---|---|---|
| 001 | 155960 | ||
| 003 | ES-MaACL | ||
| 005 | 20240305175806.0 | ||
| 008 | 040902s1886 cu |||| | spa d | ||
| 040 |
_aCAM _bspa _cCAM |
||
| 110 | 2 |
_aInstituto de Segunda Enseñanza de Santiago de Cuba. _9134556 |
|
| 245 | 1 | 0 |
_aMemoria del curso académico de 1885 a 1886 _b: Instituto de 2ª Enseñanza de Santiago de Cuba / _credactada por Vitaliano de P. Martínez ; precedida del discurso del director Lucas L. Avendaño y Silva. |
| 260 |
_aSantiago de Cuba : _b[s.n.], _c1886 ( _fTip. "Ángela y María") |
||
| 300 |
_a16 p., 14 cuadros ; _c20 cm. |
||
| 594 | _aPrecede al tít.: Distrito Universitario de La Habana. | ||
| 650 | 4 |
_aEnseñanza- _zCuba _912282 |
|
| 700 | 1 |
_aMartínez, Vitaliano de P. _9129665 |
|
| 700 | 1 |
_aAvendaño y Silva, Lucas L. _9125754 |
|
| 852 |
_aES-MaACL _jT-472-F-16 _z- Enc. hol. _q- Falto de cub. original _z- Enc. en un vol. facticio |
||
| 999 |
_c155960 _d155960 |
||